000 00445nam a22001697a 4500
003 OSt
005 20250819091302.0
008 250819b |||||||| |||| 00| 0 eng d
040 _cDDC
082 _a2000/13486
100 _aFry, Lionel
_919372
245 _aDermatology an Illustrated guide/
_cFry, Lionel
300 _a164p.:
_bcol,ill;
_c29cm.
504 _aIncludes appendix and Inedex.
650 _aMedicine
_9324
942 _2ddc
_cO_SHELF
999 _c9514
_d9514